[Event "San Francisco TNM Fall op"]
[Site "San Francisco"]
[Date "2017.12.12"]
[Round "8"]
[White "Erdenebileg, Erkhes M"]
[Black "Cendejas, Juan"]
[Result "0-1"]
[WhiteElo "1481"]
[BlackElo "1653"]
[PlyCount "70"]
[EventDate "2017.10.24"]
[EventType "swiss"]
[EventRounds "9"]
[EventCountry "USA"]
[SourceTitle "EXT 2023"]
[Source "ChessBase"]
[SourceDate "2022.10.05"]
[SourceVersion "1"]
[SourceVersionDate "2022.10.05"]
[SourceQuality "1"]

1. e4 e5 2. Nf3 Nc6 3. Bc4 Bc5 4. c3 Qe7 5. d3 Nf6 6. Bg5 h6 7. Bh4 d6 8. h3 Be6 9. Bb3 0-0-0 10. 0-0 g5 11. Bg3 Rhg8 12. Bxe6+ fxe6 13. Nbd2 g4 14. hxg4 Rxg4 15. Kh1 Rdg8 16. Nh2 R4g7 17. Qe2 Ng4 18. Nxg4 Rxg4 19. Nf3 h5 20. Nh2 R4g7 21. Qxh5 Rh7 22. Qf3 Qg5 23. Rg1 Rgh8 24. Rgf1 Qh6 25. Kg1 Ne7 26. Qg4 Rg8 27. Qf3 Ng6 28. b4 Bb6 29. Qg4 Ne7 30. Qf3 Kd7 31. a4 a6 32. a5 Ba7 33. Rfe1 Rhg7 34. Nf1 Ng6 35. Qf6 Rh7 0-1

[Event "San Francisco TNM Fall op"]
[Site "San Francisco"]
[Date "2017.11.14"]
[Round "4"]
[White "Erdenebileg, Erkhes M"]
[Black "Wonsever, James"]
[Result "0-1"]
[WhiteElo "1481"]
[BlackElo "1812"]
[PlyCount "72"]
[EventDate "2017.10.24"]
[EventType "swiss"]
[EventRounds "9"]
[EventCountry "USA"]
[SourceTitle "EXT 2023"]
[Source "ChessBase"]
[SourceDate "2022.10.05"]
[SourceVersion "1"]
[SourceVersionDate "2022.10.05"]
[SourceQuality "1"]

1. e4 c5 2. Nf3 e6 3. d4 cxd4 4. Nxd4 Nc6 5. Be3 Nf6 6. Nc3 Bb4 7. Bg5 Qa5 8. Nde2 Qxg5 9. a3 Bxc3+ 10. Nxc3 a6 11. g3 Qc5 12. Bg2 0-0 13. 0-0 d6 14. Qd2 Rd8 15. Rad1 e5 16. Kh1 Be6 17. Nd5 Bxd5 18. exd5 Ne7 19. h3 Rac8 20. c3 h6 21. Kg1 Re8 22. Rfe1 Nd7 23. Rb1 f5 24. Red1 Nf6 25. Rbc1 e4 26. c4 Ng6 27. a4 a5 28. b3 e3 29. fxe3 Rxe3 30. Qd4 Re1+ 31. Rxe1 Qxd4+ 32. Kh2 Ne4 33. Bxe4 fxe4 34. Rcd1 Qb2+ 35. Kh1 Re8 36. Rb1 Qf2 0-1

[Event "San Francisco TNM Summer op"]
[Site "San Francisco"]
[Date "2017.05.30"]
[Round "2"]
[White "Erdenebileg, Erkhes M"]
[Black "Garfield, Nicholas"]
[Result "1-0"]
[WhiteElo "1499"]
[BlackElo "1104"]
[PlyCount "53"]
[EventDate "2017.05.23"]
[EventType "swiss"]
[EventRounds "8"]
[EventCountry "USA"]
[SourceTitle "EXT 2023"]
[Source "ChessBase"]
[SourceDate "2022.10.05"]
[SourceVersion "1"]
[SourceVersionDate "2022.10.05"]
[SourceQuality "1"]

1. e4 e6 2. d4 d5 3. Nc3 c5 4. exd5 exd5 5. Bb5+ Nc6 6. h3 Nf6 7. Nf3 Qb6 8. Qe2+ Be6 9. Na4 Qa5+ 10. Bd2 Qc7 11. Nxc5 Bxc5 12. dxc5 a6 13. Bxc6+ bxc6 14. Nd4 Ne4 15. Nxe6 fxe6 16. 0-0 0-0 17. a3 Nxc5 18. Bb4 Qa7 19. Qe3 Na4 20. Bxf8 Kxf8 21. Qxe6 Qc5 22. Qf5+ Kg8 23. b4 Qd4 24. Qe6+ Kh8 25. Qxc6 Rf8 26. Qxa4 Kg8 27. Rae1 1-0

[Event "San Francisco TNM Spring op"]
[Site "San Francisco"]
[Date "2017.03.14"]
[Round "1"]
[White "Erdenebileg, Erkhes M"]
[Black "Ismakov, Arthur"]
[Result "0-1"]
[WhiteElo "1551"]
[BlackElo "2060"]
[PlyCount "90"]
[EventDate "2017.03.14"]
[EventType "swiss"]
[EventRounds "8"]
[EventCountry "USA"]
[SourceTitle "EXT 2023"]
[Source "ChessBase"]
[SourceDate "2022.10.05"]
[SourceVersion "1"]
[SourceVersionDate "2022.10.05"]
[SourceQuality "1"]

1. e4 d5 2. exd5 Qxd5 3. Nc3 Qa5 4. d4 Nf6 5. Nf3 c6 6. Bc4 Bg4 7. h3 Bh5 8. 0-0 e6 9. a3 Nbd7 10. Re1 Be7 11. Be3 0-0 12. Qe2 Rfe8 13. Bd2 Qb6 14. Qe3 Bxf3 15. Qxf3 Qxd4 16. Qd3 Qxd3 17. Bxd3 Nd5 18. Nxd5 cxd5 19. Bb5 Red8 20. Rac1 Bf6 21. c3 a6 22. Bxd7 Rxd7 23. Be3 Rc8 24. Bd4 Bxd4 25. cxd4 Rdc7 26. Rxc7 Rxc7 27. Re2 Rc1+ 28. Kh2 Rd1 29. Rc2 g5 30. Rc8+ Kg7 31. Rc7 b5 32. Ra7 Rxd4 33. Rxa6 Rd2 34. b4 Rxf2 35. Rb6 Ra2 36. Rxb5 Rxa3 37. Ra5 Rb3 38. b5 d4 39. Ra4 e5 40. Ra5 d3 41. b6 e4 42. Rxg5+ Kf6 43. Rd5 Ke6 44. Rd4 Ke5 45. Rd7 Rxb6 0-1

[Event "San Francisco TNM Winter op"]
[Site "San Francisco"]
[Date "2017.01.24"]
[Round "4"]
[White "Erdenebileg, Erkhes M"]
[Black "Cowgill, Jackie P"]
[Result "1-0"]
[WhiteElo "1503"]
[BlackElo "1187"]
[PlyCount "97"]
[EventDate "2017.01.03"]
[EventType "swiss"]
[EventRounds "8"]
[EventCountry "USA"]
[SourceTitle "EXT 2018"]
[Source "ChessBase"]
[SourceDate "2017.10.13"]
[SourceVersion "1"]
[SourceVersionDate "2017.10.13"]
[SourceQuality "1"]

1. e4 e5 2. Nf3 Nc6 3. Bc4 Bc5 4. c3 Nf6 5. d4 exd4 6. cxd4 Bb4+ 7. Nc3 Nxe4 8. 0-0 Bxc3 9. bxc3 0-0 10. Qd3 d5 11. Bb5 a6 12. Bxc6 bxc6 13. c4 Nf6 14. Bg5 a5 15. Rfe1 Be6 16. c5 Re8 17. Ne5 Qc8 18. Bxf6 gxf6 19. Nf3 Qd7 20. h3 Bf5 21. Qd2 Rxe1+ 22. Rxe1 a4 23. a3 Kg7 24. Qf4 Rb8 25. Qg3+ Bg6 26. Nh4 Kf8 27. Nxg6+ fxg6 28. Qf4 Qf5 29. Qxc7 Rb1 30. Qe7+ Kg8 31. Rxb1 Qxb1+ 32. Kh2 Qb2 33. Qe6+ Kg7 34. Qe3 Qb3 35. Kg1 Qxe3 36. fxe3 f5 37. Kf2 h5 38. Kf3 g5 39. g3 Kf6 40. h4 f4 41. hxg5+ Kxg5 42. exf4+ Kf5 43. Ke3 Kg4 44. Kd2 Kf5 45. Kd3 h4 46. gxh4 Kxf4 47. Kc3 Kg4 48. Kb4 Kxh4 49. Kxa4 1-0

[Event "San Francisco TNM Fall op"]
[Site "San Francisco"]
[Date "2016.12.06"]
[Round "8"]
[White "Erdenebileg, Erkhes M"]
[Black "Chan, John"]
[Result "0-1"]
[WhiteElo "1365"]
[BlackElo "1595"]
[PlyCount "90"]
[EventDate "2016.10.18"]
[EventType "swiss"]
[EventRounds "9"]
[EventCountry "USA"]
[SourceTitle "EXT 2018"]
[Source "ChessBase"]
[SourceDate "2017.10.13"]
[SourceVersion "1"]
[SourceVersionDate "2017.10.13"]
[SourceQuality "1"]

1. e4 e6 2. d4 d5 3. Nc3 Nf6 4. e5 Nfd7 5. f4 g6 6. Be3 a6 7. Nf3 Be7 8. Be2 b6 9. 0-0 Nc6 10. Qd2 Bb7 11. Kh1 Nf8 12. a3 b5 13. Na2 Nd7 14. c3 Nb6 15. Nb4 Nb8 16. Rac1 c6 17. h3 a5 18. Na2 N8d7 19. Ra1 Nf8 20. Rfd1 Qc7 21. Rf1 Nc8 22. Rab1 Bd8 23. Kg1 Ne7 24. Bd3 Ng8 25. Qf2 Be7 26. Qd2 Bd8 27. Qf2 Nd7 28. Qd2 Be7 29. Qf2 Nb6 30. Qd2 Nh6 31. Qe2 Nf5 32. Bf2 h5 33. Ng5 h4 34. Qe1 Nc4 35. Bxf5 gxf5 36. Nf3 Qd8 37. Nd2 Nb6 38. Qe2 Nd7 39. Nc1 Nf8 40. Nd3 Ng6 41. Be1 Ba6 42. Nc5 Bxc5 43. dxc5 b4 44. Qd1 Bxf1 45. Kxf1 Nxf4 0-1

[Event "San Francisco TNM Fall op"]
[Site "San Francisco"]
[Date "2016.11.29"]
[Round "7"]
[White "Simpkins, Jerry"]
[Black "Erdenebileg, Erkhes M"]
[Result "0-1"]
[WhiteElo "1542"]
[BlackElo "1365"]
[PlyCount "42"]
[EventDate "2016.10.18"]
[EventType "swiss"]
[EventRounds "9"]
[EventCountry "USA"]
[SourceTitle "EXT 2018"]
[Source "ChessBase"]
[SourceDate "2017.10.13"]
[SourceVersion "1"]
[SourceVersionDate "2017.10.13"]
[SourceQuality "1"]

1. e4 e5 2. Nf3 Nc6 3. Bc4 Bc5 4. 0-0 Nf6 5. Ng5 0-0 6. Nc3 h6 7. Nf3 d6 8. h3 Be6 9. Bd5 Bxd5 10. exd5 Ne7 11. d4 exd4 12. Nxd4 Nexd5 13. Nxd5 Nxd5 14. Nf5 Ne7 15. Nxg7 Kxg7 16. Qh5 Ng6 17. Bxh6+ Kg8 18. Bg5 Qd7 19. Rfe1 Qf5 20. Rf1 f6 21. g4 Qxg5 0-1

[Event "San Francisco TNM Summer op"]
[Site "San Francisco"]
[Date "2016.07.05"]
[Round "7"]
[White "Erdenebileg, Erkhes M"]
[Black "Mcenroe, Glenn Austin"]
[Result "0-1"]
[WhiteElo "1195"]
[BlackElo "1553"]
[PlyCount "48"]
[EventDate "2016.05.24"]
[EventType "swiss"]
[EventRounds "8"]
[EventCountry "USA"]
[SourceTitle "EXT 2018"]
[Source "ChessBase"]
[SourceDate "2017.10.13"]
[SourceVersion "1"]
[SourceVersionDate "2017.10.13"]
[SourceQuality "1"]

1. e4 e6 2. d4 d5 3. Nc3 Bb4 4. e5 c5 5. Nge2 Nc6 6. Be3 Nge7 7. f4 Nf5 8. Bf2 cxd4 9. Nxd4 Nfxd4 10. Bxd4 0-0 11. Be2 Qa5 12. 0-0 Nxd4 13. Qxd4 Bc5 14. Qxc5 Qxc5+ 15. Kh1 Bd7 16. Bd3 Rac8 17. f5 b5 18. fxe6 fxe6 19. Rxf8+ Rxf8 20. a3 a5 21. Rf1 Rxf1+ 22. Bxf1 Qf2 23. Bd3 Qe1+ 24. Bf1 Qxf1# 0-1

[Event "San Francisco TNM Summer op"]
[Site "San Francisco"]
[Date "2016.06.21"]
[Round "5"]
[White "Casares, Nick Jr"]
[Black "Erdenebileg, Erkhes M"]
[Result "1-0"]
[WhiteElo "1600"]
[BlackElo "1195"]
[PlyCount "41"]
[EventDate "2016.05.24"]
[EventType "swiss"]
[EventRounds "8"]
[EventCountry "USA"]
[SourceTitle "EXT 2018"]
[Source "ChessBase"]
[SourceDate "2017.10.13"]
[SourceVersion "1"]
[SourceVersionDate "2017.10.13"]
[SourceQuality "1"]

1. e4 e5 2. Nf3 Nc6 3. Bc4 Bc5 4. b4 Bxb4 5. c3 Ba5 6. d4 exd4 7. Qb3 Nh6 8. Bxh6 gxh6 9. Bxf7+ Kf8 10. Bh5 Qe7 11. 0-0 dxc3 12. Nxc3 d6 13. Nd5 Be6 14. Qxb7 Rb8 15. Qxc6 Bxd5 16. Qxd5 Bb6 17. e5 Rg8 18. e6 Qg7 19. e7+ Kxe7 20. Rfe1+ Kd8 21. Ne5 1-0

[Event "San Francisco TNM Summer op"]
[Site "San Francisco"]
[Date "2016.06.14"]
[Round "4"]
[White "Erdenebileg, Erkhes M"]
[Black "Jensen, Christian"]
[Result "0-1"]
[WhiteElo "1195"]
[BlackElo "1792"]
[PlyCount "32"]
[EventDate "2016.05.24"]
[EventType "swiss"]
[EventRounds "8"]
[EventCountry "USA"]
[SourceTitle "EXT 2018"]
[Source "ChessBase"]
[SourceDate "2017.10.13"]
[SourceVersion "1"]
[SourceVersionDate "2017.10.13"]
[SourceQuality "1"]

1. e4 c5 2. Nf3 d6 3. d4 cxd4 4. Nxd4 Nf6 5. Nc3 g6 6. Be3 Bg7 7. Qd2 Ng4 8. 0-0-0 Nxe3 9. Qxe3 Nc6 10. Nxc6 bxc6 11. Bc4 0-0 12. h4 h5 13. f4 Kh7 14. Bd3 e5 15. f5 Bh6 16. fxg6+ fxg6 0-1

[Event "San Francisco TNM Winter op"]
[Site "San Francisco"]
[Date "2016.01.05"]
[Round "1"]
[White "Erdenebileg, Erkhes M"]
[Black "Flores Gomez, David"]
[Result "0-1"]
[WhiteElo "1196"]
[BlackElo "1826"]
[PlyCount "26"]
[EventDate "2016.01.05"]
[EventType "swiss"]
[EventRounds "8"]
[EventCountry "USA"]
[SourceTitle "EXT 2018"]
[Source "ChessBase"]
[SourceDate "2017.10.13"]
[SourceVersion "1"]
[SourceVersionDate "2017.10.13"]
[SourceQuality "1"]

1. e4 e5 2. Nf3 Nc6 3. Bc4 Nf6 4. Ng5 Bc5 5. Nxf7 Bxf2+ 6. Kxf2 Nxe4+ 7. Ke1 Qh4+ 8. g3 Nxg3 9. Rg1 Ne4+ 10. Rg3 Qxh2 11. Rf3 Qg1+ 12. Rf1 Qg3+ 13. Ke2 Nd4# 0-1

[Event "San Francisco TNM Fall op"]
[Site "San Francisco"]
[Date "2015.10.27"]
[Round "2"]
[White "Paquette, James"]
[Black "Erdenebileg, Erkhes M"]
[Result "1-0"]
[WhiteElo "1614"]
[BlackElo "1403"]
[PlyCount "77"]
[EventDate "2015.10.20"]
[EventType "swiss"]
[EventRounds "9"]
[EventCountry "USA"]
[SourceTitle "EXT 2023"]
[Source "ChessBase"]
[SourceDate "2022.10.05"]
[SourceVersion "1"]
[SourceVersionDate "2022.10.05"]
[SourceQuality "1"]

1. d4 d5 2. Nf3 Nf6 3. e3 e6 4. Bd3 c6 5. b3 Bd6 6. Bb2 Nbd7 7. Nbd2 0-0 8. 0-0 b6 9. c4 Bb7 10. e4 c5 11. e5 dxc4 12. Nxc4 Be7 13. exf6 Bxf6 14. Nd6 Bc6 15. Ne4 cxd4 16. Nxf6+ Qxf6 17. Bxd4 Qf4 18. Be3 Qg4 19. Be2 Ne5 20. h3 Nxf3+ 21. Bxf3 Bxf3 22. Qxf3 Qxf3 23. gxf3 f5 24. f4 Rf6 25. Bd4 Rg6+ 26. Kh2 Rd8 27. Rad1 Kf7 28. Be5 Rxd1 29. Rxd1 a6 30. Rd6 b5 31. Rxa6 b4 32. Rb6 h5 33. Rxb4 Kf8 34. Rb7 Kg8 35. a4 Rh6 36. Rxg7+ Kf8 37. a5 Rh8 38. a6 Ke8 39. a7 1-0